Państwa które kontrolowały Warszawę - Statystyki

Ogólne statystyki
  • Ten quiz został rozwiązany 52 razy
    47 od ostatniego zresetowania
  • Średni wynik to 7 z 9
Statystyki odpowiedzi
Lata kontrolowania Państwo % Poprawnych
1945 - obecnie Polska
93%
1939 - 1945 Niemcy
91%
1526 - 1795 Polska
87%
1815 - 1915 Rosja
87%
1918 - 1939 Polska
84%
1915 - 1918 Niemcy
82%
1795 - 1807 Prusy
80%
1807 - 1815 Księstwo Warszawskie
76%
1313 - 1526 Księstwo Mazowieckie
58%
Nie znaleziono quizów pasujących do podanych kryteriów
Rozkład punktacji
Procent ludzi z każdym wynikiem
Percentyl według liczby udzielonych odpowiedzi
Twoja historia wyników
Nie rozwiązałeś tego quizu od ostatniego zresetowania